Adivina el logo - Argentina 10 - Estadísticas

Estadísticas generales
  • Esta prueba ha sido intentada 47 veces
  • La puntuación promedio es 9 de 16
Estadísticas de respuestas
Imagen Respuesta % Correcto
Crónica
91%
Galicia
91%
Villavicencio
89%
Celusal
80%
Gallo
77%
Patricio Rey y sus Redonditos de Ricota
71%
Citi
63%
Sodimac
60%
Quiero Música
54%
Sensodyne
46%
Pop
43%
Tic Tac
40%
ToyCo
34%
Grisino
29%
Lux
26%
Argentinísima Satelital
17%
No se encontraron pruebas coincidentes
Distribución de puntuación
Porcentaje de gente con cada puntuación
Porcentaje por número respondido
Historial de tus puntuaciones
No has intentado esta prueba.